00709nam a2200205 a 450000100100000000500170001000800410002702000180006804000250008608200150011110000350012624500760016126000370023730000210027449000160029570000390031183000230035095201130037399900170048600004122020201002034720.0130926s2002 ck 000 0 spa d a9789562824859 aDO-SdBNPbspacBNPHU axxxxbxxxx1 aOyarzún, Luis,d1920-96779910aNecesidades del arcoiris /cLuis Oyarzún ; prólogo Thomas Harris E. aSantiago de Chile :bLom,c2002. a270 p. ;c21 cm.1 aEntre mares1 aHarris E., Thomas,epról.946014 0aEntre mares967800 001050718MOaGRbGRcHDd2013-09-26iLF1l0oxxxx xxxxp41220-10r2020-06-25w2020-06-25y1ZNo se presta c40710d40710